000
00335 a2200157 4500
001
57113
020
_a
8502030701
040
_c
Anchieta - Pituba
100
_a
Linsingen, Luana Von
240
1
0
_a
O botão grená
_l
por
245
1
0
_a
O botão grená
300
_a
143
362
0
_a
2000
650
4
_a
Literatura juvenil
942
_c
BK
999
_c
57113
_d
57113